Wszystkie przystanki tramwajowe Linii numer 3 we Wrocławiu - Statystyki

Ogólne statystyki
  • Ten quiz został rozwiązany 27 razy
  • Średni wynik to 21 z 36
Statystyki odpowiedzi
Hint Odpowiedź % Poprawnych
36 LEŚNICA
88%
16 Młodych Techników
88%
7 Krakowska
81%
25 Metalowców
81%
11 Galeria Dominikańska
75%
35 Jeleniogórska
75%
32 Kamiennogórska ( Ośrodek dla niewidomych )
75%
1 Księże Małe
75%
21 Kwiska
75%
19 Niedźwiedzia
75%
26 PILCZYCE
75%
14 Rynek
75%
12 Świdnicka
75%
13 Zamkowa
75%
24 Bajana
69%
22 DH Astra
69%
20 Małopanewska
69%
23 Park Zachodni
69%
27 Tarczyński Arena ( Lotnicza )
63%
29 Aleja Architektów
56%
28 Glinianki
56%
3 Karwińska
50%
8 Na Niskich Łąkach
50%
4 Park Wschodni
50%
10 pl. Wróblewskiego
50%
15 pl. Jana Pawła II
44%
9 pl. Zgody Muzeum Etnograficzne
44%
34 Wschowska
44%
33 Złotnicka
44%
18 Wrocław Mikołajów ( Zachodnia )
38%
30 Grabowa
31%
17 pl. Strzegomski Muzeum Współczesne
31%
5 Armi Krajowej
25%
2 Głubczycka
25%
6 Krakowska CH Centrum Handlowe
19%
31 Kosmonałtów ( Szpital )
6%
Nie znaleziono quizów pasujących do podanych kryteriów
Rozkład punktacji
Procent ludzi z każdym wynikiem
Percentyl według liczby udzielonych odpowiedzi
Twoja historia wyników
Nie rozwiązałeś tego quizu